000 00244nam a22001217a 4500
003 SGT
082 _a629.22
_bBAB
100 _aBABU, A.K.
245 _aAUTOMOTIVE ENGINES
260 _aNEW DELHI
_bKBP
_c2018
300 _a288
942 _2ddc
_cBK
999 _c21426
_d21426